Príprava vlákien z biodegradovateľných polymérov

Gespeichert in:
Bibliographische Detailangaben
1. Verfasser: Stredanská, Terézia (Verfasst von)
Weitere Verfasser: Ryba, Jozef (Betreuung Doktorarbeit)
Format: Manuskript Buch
Sprache:Slowakisch
Veröffentlicht: 2016
Schlagworte:
Online-Zugang:http://is.stuba.sk/zp/portal_zp.pl?podrobnosti=101846
Tags: Tag hinzufügen
Keine Tags, Fügen Sie das erste Tag hinzu!

MARC

LEADER 00000ntm a22000003a 4500
001 stuzp57868
003 SK-STU
005 20160719155404.1
007 ta
008 150427s2015----xo-----f-mn---000-0-slo-d
040 |a STU  |b slo 
041 0 |a slo 
100 1 |a Stredanská, Terézia  |u 049370  |4 aut  |U FCHPT Ústav prírodných a syntetických polymérov  |T FCHPT Oddelenie plastov, kaučuku a vlákien  |X 61289  |U C9370  |Y 128  |7 61289 
242 0 1 |a Preparation of fibers from biodegradable polymers  |y eng 
245 1 0 |a Príprava vlákien z biodegradovateľných polymérov 
260 |c 2016 
650 4 |a vlákna  |2 slo 
650 4 |a biodegradácia  |2 slo 
650 4 |a kyselina polymliečna  |2 slo 
650 4 |a pigment  |2 slo 
650 4 |a fibers  |2 eng 
650 4 |a biodegradation  |2 eng 
650 4 |a polylactic acid  |2 eng 
650 4 |a pigment  |2 eng 
700 1 |a Ryba, Jozef  |u 049170  |k Z2  |4 ths  |U FCHPT Ústav prírodných a syntetických polymérov  |T FCHPT Oddelenie spracovania polymérov (detaš.pracovisko)  |X 10013  |U C9170  |Y 688  |7 A000010013 
856 4 |u http://is.stuba.sk/zp/portal_zp.pl?podrobnosti=101846 
SQL |a stuzp57868  |b DBP  |c SLO  |d Príprava vlákien z biodegradovateľných polymérov  |e 61289  |f Stredanská, Terézia  |g 049370  |h 10013  |i Ryba, Jozef  |j 20160712  |k 753  |l 04  |m http://is.stuba.sk/zp/portal_zp.pl?podrobnosti=101846  |n B-CHEMAT  |o 4.1.14. chémia, 5.2.18. chemické technológie